| 000 | 00577nam a2200193 4500 | ||
|---|---|---|---|
| 003 | OSt | ||
| 005 | 20240624063756.0 | ||
| 006 | a | ||
| 008 | 240624b |||||||| |||| 00| 0 eng d | ||
| 020 | _a9710870416 | ||
| 040 |
_aDWCL-Main lib. _cOC |
||
| 082 | _aFil. 336.2 D912b 2011 | ||
| 100 | _aDuncano, Danilo A. | ||
| 245 | _aBIR issuances : other percentage taxes : updated compilation of relevant issuances / | ||
| 260 |
_aMandaluyong City ; _bNational Book Store, _cc2011 |
||
| 300 |
_axiv, _b234 p. ; _c23 cm. |
||
| 650 | _a1. Taxation. | ||
| 942 |
_2ddc _n0 _cBK - FIL _kFil. |
||
| 999 |
_c1235 _d1235 |
||